00843nam a2200157Ia 4500008004100000020001500041050001800056100004500074245009700119260003100216300003100247500004600278505030500324650003400629650002200663120625s2006 mx r 001 0 spa d a9687427965 4aHF5549 bL431 aLechuga Santillán, Efraíne , autor 10aEstrategias parala optimización de los recursos humanos c / Efraín Lechuga Santillán  aMéxicob : ISEFc , 2006 a165 páginas c ; 21 cm.  a1a. edición 1998 3a. reimpresión 20060 aQué es una empresa Qué es un cliente Los recursos humanos Negociación La comunicación Las relaciones humanas La capacitación Trabajo en equipo La productividad La motivación El cambio La administración a tiempo La delegación de funciones Liderazgo Estilos de dirección  4aADMINISTRACIÓN DE PERSONAL  4aRECURSOS HUMANOS